000 00304nam a2200133Ia 4500
008 191201s2011 xx 000 0 und d
100 _aDAVIS,Glyn
245 0 _aBusiness Statistics Using Excel
250 _a1st
260 _aN. Delhi
_bOxford
_c2011
300 _a604
650 _aMBA
942 _2ddc
_cBK
999 _c5164
_d5164